|
|
|
|
| LEADER |
01342nam a2200325 a 4500 |
| 001 |
13621615 |
| 008 |
120716s2004 nyuab b 001 0 eng |
| 010 |
|
|
|a 2004054727
|
| 020 |
|
|
|a 1585676012 (alk. paper)
|
| 040 |
|
|
|a DLC
|c DLC
|d DLC
|d BD-DhAAL
|
| 050 |
0 |
0 |
|a PE1074.7
|b .C79 2004
|
| 082 |
0 |
0 |
|a 427
|2 22
|
| 100 |
1 |
|
|a Crystal, David,
|d 1941-
|
| 245 |
1 |
4 |
|a The stories of English /
|c David Crystal.
|
| 260 |
|
|
|a Woodstock :
|b Overlook Press,
|c 2004.
|
| 300 |
|
|
|a [viii], 584 p. :
|b ill., maps ;
|c 24 cm.
|
| 504 |
|
|
|a Includes bibliographical references (p. [551]-560) and indexes.
|
| 541 |
|
|
|e 00025617
|
| 650 |
|
0 |
|a English language
|x Variation.
|
| 650 |
|
0 |
|a English language
|x Variation
|z English-speaking countries.
|
| 650 |
|
0 |
|a English language
|x Dialects
|z English-speaking countries.
|
| 650 |
|
0 |
|a English language
|z English-speaking countries.
|
| 650 |
|
0 |
|a English language
|x Variation
|z Great Britain.
|
| 650 |
|
0 |
|a English language
|x Dialects
|z Great Britain.
|
| 650 |
|
0 |
|a English language
|z Great Britain.
|
| 650 |
|
0 |
|a English language
|x Dialects.
|
| 650 |
|
0 |
|a English language
|x History.
|
| 852 |
1 |
|
|a Ayesha Abed Library
|c General shelf.
|
| 999 |
|
|
|c 12551
|d 12551
|
| 952 |
|
|
|0 0
|1 0
|2 ddc
|4 0
|6 427_CRY
|7 0
|9 20721
|a BRACUL
|b BRACUL
|c GEN
|d 2012-07-16
|e RIZA Enterprise
|g 2295.00
|l 2
|m 1
|o 427 CRY
|p 3010025617
|r 2018-09-03
|s 2018-05-03
|t 1
|w 2012-07-16
|y BK
|